| 000 | 00000nam 2200000za 4500 |
| 001 | 9.832323 |
| 003 | CaOODSP |
| 005 | 20221107145944 |
| 007 | cr ||||||||||| |
| 008 | 170214s1931 onc #of f001 0 eng d |
| 040 | |aCaOODSP|beng |
| 043 | |an-cn--- |
| 086 | 1 |aCS98-1931I-2E-PDF|zCS98-1931I-2 |
| 245 | 00|aSeventh census of Canada 1931, instructions to commissioners and enumerators |h[electronic resource]. |
| 246 | 30|aInstructions to commissioners and enumerators |
| 246 | 16|iCaption title: |aRegulations pertaining to the census of population and agriculture, 1931 |
| 260 | |aOttawa : |bDominion Bureau of Statistics,|c1931 |f(F.A. Acland, Printer to the King's Most Excellent Majesty) |
| 300 | |avii, 99 p. |
| 500 | |a"Approved by Order in Council". |
| 500 | |aHistorical census publication digitized in 2010 [by Statistics Canada]. |
| 500 | |aIssued also in French under title: Septième recensement du Canada, 1931 instructions aux commissaires et énumerateurs. |
| 520 | 0 |aContains instructions to commissioners and enumerators employed in the taking of the census, plus an Appendix, "Extracts from the Statistics Act, 8-9 George V, Chapter 43, Statistics Act, 1918". |
| 692 | 07|2gccst|aCensus |
| 692 | 07|2gccst|aHandbooks |
| 710 | 1 |aCanada. |bDominion Bureau of Statistics. |
| 775 | 08|tSeptième recensement du Canada 1931, instructions aux commissaires et énumérateurs |w(CaOODSP)9.832327 |
| 794 | |tEighth census of Canada 1941, instructions to commissioners and enumerators |w(CaOODSP)9.833511 |
| 795 | |tSixth census of Canada, 1921, instructions to commissioners and enumerators |w(CaOODSP)9.830366 |
| 856 | 40|qPDF|s4.14 MB|uhttps://publications.gc.ca/collections/collection_2017/statcan/CS98-1931I-2-eng.pdf |